header

Popular government and oligarchy in Renaissance Italy (Record no. 38625)

MARC details
000 -LEADER
fixed length control field 01548nam a2200385 a 4500
082 04 - DEWEY DECIMAL CLASSIFICATION NUMBER
Classification number 320.945/5809024
100 1# - MAIN ENTRY--AUTHOR NAME
Personal name Shaw, Christine
245 10 - TITLE STATEMENT
Title Popular government and oligarchy in Renaissance Italy
260 ## - PUBLICATION, DISTRIBUTION, ETC. (IMPRINT)
Place of publication Leiden ;
-- Boston :
Name of publisher Brill,
Year of publication 2006.
300 ## - PHYSICAL DESCRIPTION
Number of Pages xiv, 332 p.
490 1# - SERIES STATEMENT
Series statement The medieval Mediterranean,
650 #0 - SUBJECT ADDED ENTRY--TOPICAL TERM
Topical Term Local government
Topical Term Oligarchy
856 40 - ELECTRONIC LOCATION AND ACCESS
Uniform Resource Identifier http://site.ebrary.com/lib/rucke/Doc?id=10234976

No items available.

© 2026 Rongo University
Contact us: librarian | system librarian | Rongo university